01141 2200193 4500245005500000020002200055250001200077100001800089700002200107700001800129650004300147005001900190260004200209041001400251084000800265300002300273500064200296336000900938 aHarry Potter dan Batu BertuahcJ. K. RowlinghText a978-602-03-3764-7 aCet. 41 aJ. K. Rowling aListiana Srisanti aMala Suhendra aFiksi Inggris (dalam Bahasa Indonesia) a20250305094713 aJakartabGramedia Pustaka Utamac2024 aIndonesia a823 a392 hlm. :c20 cm. aSeumur hidup, Harry Potter tidak pernah berurusan dengan sihir. Dia tinggal bersama keluarga Dursley yang kejam dan Dudley, putra mereka yang menyebalkan. Kamar Harry cuma lemari sempit di kolong tangga, dan selama sebelas tahun, ulang tahunnya tak pernah dirayakan. Namun, tiba-tiba datang burung hantu membawa surat misterius: surat berisi undangan ke tempat menakjubkan bernama Sekolah Sihir Hogwarts. Dan di sana bukan hanya ada banyak teman, pertandingan olahraga naik sapu terbang, dan sihir dalam segala hal dari pelajaran sampai makanan tapi juga ada takdir luar biasa yang sudah lama menantinya. Jika Harry mampu bertahan hidup. atext